<?xml version="1.0" encoding="UTF-8"?>
<collection xmlns="http://www.loc.gov/MARC21/slim">
    <record>
        <controlfield tag="001">63523</controlfield>
        <controlfield tag="005">20200221144302.0</controlfield>
        <datafield tag="024" ind1="7" ind2=" ">
            <subfield code="2">doi</subfield>
            <subfield code="a">10.15581/014.18.53-60</subfield>
        </datafield>
        <datafield tag="024" ind1="8" ind2=" ">
            <subfield code="2">sideral</subfield>
            <subfield code="a">102859</subfield>
        </datafield>
        <datafield tag="037" ind1=" " ind2=" ">
            <subfield code="a">ART-2016-102859</subfield>
        </datafield>
        <datafield tag="041" ind1=" " ind2=" ">
            <subfield code="a">spa</subfield>
        </datafield>
        <datafield tag="100" ind1=" " ind2=" ">
            <subfield code="0">(orcid)0000-0001-5497-4212</subfield>
            <subfield code="a">Bergera, Iñaki</subfield>
            <subfield code="u">Universidad de Zaragoza</subfield>
        </datafield>
        <datafield tag="245" ind1=" " ind2=" ">
            <subfield code="a">Férriz y Cabrero. Lecciones de una desconocida y paradigmática colaboración entre fotógrafo y arquitecto</subfield>
        </datafield>
        <datafield tag="260" ind1=" " ind2=" ">
            <subfield code="c">2016</subfield>
        </datafield>
        <datafield tag="506" ind1="0" ind2=" ">
            <subfield code="a">Access copy available to the general public</subfield>
            <subfield code="f">Unrestricted</subfield>
        </datafield>
        <datafield tag="520" ind1="3" ind2=" ">
            <subfield code="a">El creciente interés por investigar y analizar las relaciones entre arquitectura y fotografía puede abordarse desde enfoques generales o dimensiones más especulativas pero también desde casos de estudio específicos. La posibilidad de tener acceso directo tanto a las fotografías en papel del archivo del arquitecto Asís Cabrero como a los negativos del fotógrafo Férriz nos permite analizar en profundidad un material inédito de una colaboración paradigmática entre un arquitecto y un fotógrafo prácticamente desconocido hasta la fecha. La condición exclusiva de esta relación, la calidad de las imágenes y la sinergia entre ambos profesionales apuntan claves, lecciones en suma, para seguir profundizando en el papel y los usos de la imagen construida y en sus implicaciones en el devenir arquitectónico.</subfield>
        </datafield>
        <datafield tag="540" ind1=" " ind2=" ">
            <subfield code="9">info:eu-repo/semantics/openAccess</subfield>
            <subfield code="a">by-nc-nd</subfield>
            <subfield code="u">http://creativecommons.org/licenses/by-nc-nd/3.0/es/</subfield>
        </datafield>
        <datafield tag="592" ind1=" " ind2=" ">
            <subfield code="a">0.101</subfield>
            <subfield code="b">2016</subfield>
        </datafield>
        <datafield tag="593" ind1=" " ind2=" ">
            <subfield code="a">Visual Arts and Performing Arts</subfield>
            <subfield code="c">2016</subfield>
            <subfield code="d">Q3</subfield>
        </datafield>
        <datafield tag="593" ind1=" " ind2=" ">
            <subfield code="a">Architecture</subfield>
            <subfield code="c">2016</subfield>
            <subfield code="d">Q4</subfield>
        </datafield>
        <datafield tag="655" ind1=" " ind2="4">
            <subfield code="a">info:eu-repo/semantics/article</subfield>
            <subfield code="v">info:eu-repo/semantics/publishedVersion</subfield>
        </datafield>
        <datafield tag="700" ind1=" " ind2=" ">
            <subfield code="a">Jiménez, Cristina</subfield>
        </datafield>
        <datafield tag="710" ind1="2" ind2=" ">
            <subfield code="1">5010</subfield>
            <subfield code="2">715</subfield>
            <subfield code="a">Universidad de Zaragoza</subfield>
            <subfield code="b">Unidad Predepartam. Arquitect.</subfield>
            <subfield code="c">Área Proyectos Arquitectónicos</subfield>
        </datafield>
        <datafield tag="773" ind1=" " ind2=" ">
            <subfield code="g">18 (2016), 53-60</subfield>
            <subfield code="p">RA, Rev. arquit.</subfield>
            <subfield code="t">RA Revista de Arquitectura</subfield>
            <subfield code="x">1138-5596</subfield>
        </datafield>
        <datafield tag="856" ind1="4" ind2=" ">
            <subfield code="s">745462</subfield>
            <subfield code="u">http://zaguan.unizar.es/record/63523/files/texto_completo.pdf</subfield>
            <subfield code="y">Versión publicada</subfield>
        </datafield>
        <datafield tag="856" ind1="4" ind2=" ">
            <subfield code="s">95769</subfield>
            <subfield code="u">http://zaguan.unizar.es/record/63523/files/texto_completo.jpg?subformat=icon</subfield>
            <subfield code="x">icon</subfield>
            <subfield code="y">Versión publicada</subfield>
        </datafield>
        <datafield tag="909" ind1="C" ind2="O">
            <subfield code="o">oai:zaguan.unizar.es:63523</subfield>
            <subfield code="p">articulos</subfield>
            <subfield code="p">driver</subfield>
        </datafield>
        <datafield tag="951" ind1=" " ind2=" ">
            <subfield code="a">2020-02-21-13:33:16</subfield>
        </datafield>
        <datafield tag="980" ind1=" " ind2=" ">
            <subfield code="a">ARTICLE</subfield>
        </datafield>
    </record>

    
</collection>